| 000 | 01056pam a2200289 a 4500 | ||
|---|---|---|---|
| 001 | 1109058 | ||
| 003 | ARRUPE | ||
| 005 | 20240215142043.0 | ||
| 008 | 931130s1994 ilub b 001 0 eng | ||
| 010 | _a 93047275 | ||
| 020 | _a1566630541 (cloth : alk. paper) | ||
| 020 | _a1566630525(paper) | ||
| 040 |
_aDLC _cDLC _dDLC |
||
| 050 | 0 | 0 |
_aD804.3 _b.L355 1994 |
| 082 | 0 | 0 |
_a940.53/18 _220 |
| 100 | 1 |
_aLandau, Ronnie S., _d1948- _952435 |
|
| 245 | 1 | 4 |
_aThe Nazi Holocaust / _cRonnie S. Landau. |
| 250 | _a1st American ed. | ||
| 260 |
_aChicago : _bI.R. Dee, _cc1994. |
||
| 300 |
_axiv, 356 p. : _bmaps ; _c22 cm. |
||
| 504 | _aIncludes bibliographical references (p. 276-288) and index. | ||
| 650 | 0 |
_aHolocaust, Jewish (1939-1945) _xMoral and ethical aspects. _952436 |
|
| 650 | 0 |
_aHolocaust, Jewish (1939-1945) _xPsychological aspects. _937590 |
|
| 906 |
_a7 _bcbc _corignew _d1 _eocip _f19 _gy-gencatlg |
||
| 942 |
_2lcc _cMONOGRAPH |
||
| 999 |
_c131799 _d131799 |
||